01071nam a2200241 a 450000100100000000500170001000800410002704000250006808200200009311000530011324500250016626000360019130000200022759000270024765000520027465000270032665000460035391000380039995201330043795201180057095201240068899900170081200002578120240524204944.0110222s2005 dr 000 0 spa d aDO-SdBNPbspacBNPHU a174.9332bB213c1 aBanco Santa Cruz (República Dominicana)95258110aCódigo de ética. aSanto Domingo :bBúho,c2005. a47 p. ;c23 cm. aInventariado, 2018/MFF 4aEmpleados bancariosxÉtica profesional952582 0aDerecho bancario97013 4aInstituciones financierasxÉtica952583 aValidado. Control de calidad EMS. 001054708DSaGRbGRcHDd2011-02-22iLF1l0o174.9332 B213cp25781-30r2020-06-25te. 3w2020-06-25yLFDSZPréstamo en sala 0010718PDaPDbPDcHDd2011-02-22iLF1l0o174.9332 B213cp25781-10r2020-06-25w2020-06-25yLFPDZNo se presta 0010718PDaPDbPDcHDd2011-02-22iLF1l0o174.9332 B213cp25781-20r2020-06-25te. 2w2020-06-25yLFPDZNo se presta c25273d25273